000 00979nam a2200217Ia 4500
003 OSt
005 20210426150751.0
008 210310t1963 eu gr 000 0 eng d
040 _aCO-JMCR
_cCO-JMCR
041 0 _aeng
082 0 4 _a336.243 /
_bK949s
_223
100 1 _aKrzyzaniak, Marian,
_915087
_eautora
245 1 4 _aThe Shifting of the Corporation Income Tax :
_ban empirical study of its short-run effect upon the rate of return /
_cMarian Krzyzaniak, Richard A. Musgrave
260 _aBaltimore :
_bThe Johns Hopkins Press,
_c©1963
300 _bviii, 100 páginas ;
_c23 cm.
500 _aIncluye notas a pie de página.
505 0 _aA preliminary view -- General Method, source, and variables -- The models -- Degrees of Shifting in the estimated models -- Basic Results for All-Manufacturing, total capital base -- Further results
650 1 4 _aImpuesto sobre la renta
_915089
_xCorporaciones
700 1 _aMusgrave, Richard A.,
_eautor
_937159
942 _2ddc
_cBK
999 _c7663
_d7663